The waste lands / (Record no. 233092)

000 -LEADER
fixed length control field 01020pam a2200253 a 4500
001 - CONTROL NUMBER
control field 3906728
003 - CONTROL NUMBER IDENTIFIER
control field Nust
005 - DATE AND TIME OF LATEST TRANSACTION
control field 20170302095855.0
008 - FIXED-LENGTH DATA ELEMENTS--GENERAL INFORMATION
fixed length control field 910808s1991 nyua 000 1 eng
010 ## - LIBRARY OF CONGRESS CONTROL NUMBER
LC control number 91032460
020 ## - INTERNATIONAL STANDARD BOOK NUMBER
International Standard Book Number 9780340832257
040 ## - CATALOGING SOURCE
Original cataloging agency DLC
Transcribing agency DLC
Modifying agency OCoLC
-- DLC
050 00 - LIBRARY OF CONGRESS CALL NUMBER
Classification number PS3561.I483
Item number W37 1991
082 00 - DEWEY DECIMAL CLASSIFICATION NUMBER
Classification number 813.54
Author Mark KIN
100 1# - MAIN ENTRY--PERSONAL NAME
Personal name King, Stephen,
Dates associated with a name 1947-
245 14 - TITLE STATEMENT
Title The waste lands /
Statement of responsibility, etc. Stephen King ; illustrated by Ned Dameron.
260 ## - PUBLICATION, DISTRIBUTION, ETC.
Place of publication, distribution, etc. New York, N.Y., U.S.A. :
Name of publisher, distributor, etc. Plume,
Date of publication, distribution, etc. 1991.
300 ## - PHYSICAL DESCRIPTION
Extent 584 p. :
Other physical details ill. (some col.) ;
Dimensions 23 cm.
490 1# - SERIES STATEMENT
Series statement The Dark tower ;
Volume/sequential designation 3
650 #0 - SUBJECT ADDED ENTRY--TOPICAL TERM
Topical term or geographic name entry element Roland (Fictitious character : King)
General subdivision Fiction.
655 #7 - INDEX TERM--GENRE/FORM
Genre/form data or focus term Fantasy fiction.
Source of term gsafd
800 1# - SERIES ADDED ENTRY--PERSONAL NAME
Personal name King, Stephen,
Dates associated with a name 1947-
Title of a work Dark tower ;
Volume/sequential designation 3.
856 42 - ELECTRONIC LOCATION AND ACCESS
Materials specified Contributor biographical information
Uniform Resource Identifier <a href="http://www.loc.gov/catdir/enhancements/fy1209/91032460-b.html">http://www.loc.gov/catdir/enhancements/fy1209/91032460-b.html</a>
906 ## - LOCAL DATA ELEMENT F, LDF (RLIN)
a 7
b cbc
c orignew
d 1
e ocip
f 19
g y-gencatlg
942 ## - ADDED ENTRY ELEMENTS (KOHA)
Source of classification or shelving scheme
Koha item type Book
Holdings
Withdrawn status Lost status Source of classification or shelving scheme Damaged status Not for loan Permanent Location Current Location Shelving location Date acquired Total Checkouts Total Renewals Full call number Barcode Date last seen Date last checked out Copy number Price effective from Koha item type
          Central Library (CL) Central Library (CL) Fiction 03/02/2017 4 5 813.54 KIN CL1105 07/03/2024 11/19/2020 1 03/02/2017 Book
© 2023 Central Library, National University of Sciences and Technology. All Rights Reserved.